Elhunyt jegyző

Penzionovaný obvodný notár z obce Jaklovce (Jekelfalva) Rezső (Rudolf) Clauder zomrel 5. januára 1915 v obci Široké (Siroka). V mene zväzu spišských obecných a obvodných notárov mu kondoloval Tivadar Török.

Podrobná bibliografia
Médium: Článok
Jazyk:Hungarian
Témy:
Zdroj: 1. Szepesi Lapok : Politikai És Tátrai Ujság 1. Roč. 31, č. 4 (8. 1. 1915), s. 3
LEADER 01209nab#a2200397#ar4500
001 000121221
003 SVKKK
005 20171212102052.0
008 131126d1915 xo |||||||||||||||b|hun
FMT
038 |a SVKKK 
040 |a SVKKK  |b slo  |e AACR2 
041 0 |a hun 
044 |a xo  |c SK 
080 |a 347.961  |2 2011 
080 |a 27-557  |2 2011 
080 |a 581.149  |2 2011 
242 1 0 |a Zosnulý notár 
245 1 0 |a Elhunyt jegyző 
520 3 |a Penzionovaný obvodný notár z obce Jaklovce (Jekelfalva) Rezső (Rudolf) Clauder zomrel 5. januára 1915 v obci Široké (Siroka). V mene zväzu spišských obecných a obvodných notárov mu kondoloval Tivadar Török. 
545 |a Különfélék 
600 1 4 |a Clauder, Rezső,  |d 1862-1915  |x obvodný notár  |y 1915  |z Jaklovce (Slovensko)  |z Široké (Slovensko) 
648 0 4 |a 1915 
650 0 4 |a notári 
650 0 4 |a pohreby 
650 0 4 |a úmrtia 
651 4 |a Jaklovce (Slovensko) 
651 4 |a Široké (Slovensko) 
655 4 |a hungariká 
773 0 |t Szepesi Lapok : Politikai És Tátrai Ujság  |g Roč. 31, č. 4 (8. 1. 1915), s. 3 
958 |a HU 
974 |a vsz 
992 |a RBX 
BAS
852 |a SVKKK  |b BIB 
998 |a RETRO